Advances in economics and econometrics : Theory and applications: Eighth World Congress

These three volumes contain edited versions of papers and commentaries presented in invited symposium sessions of the Eighth World Congress of the Econometric Society. The papers summarize and interpret recent key developments and future directions in a wide range of topics in economics and economet...

Deskribapen osoa

Gorde:
Xehetasun bibliografikoak
Formatua: Liburua
Hizkuntza:Undetermined
Argitaratua: Cambridge, U.K. Cambridge University Press 2003
Gaiak:
Etiketak: Etiketa erantsi
Etiketarik gabe, Izan zaitez lehena erregistro honi etiketa jartzen!
Thư viện lưu trữ: Trung tâm Học liệu Trường Đại học Cần Thơ
LEADER 01096nam a2200217Ia 4500
001 CTU_166613
008 210402s9999 xx 000 0 und d
020 |c 105 
082 |a 330 
082 |b A244/Vol.1 
245 0 |a Advances in economics and econometrics : 
245 0 |b Theory and applications: Eighth World Congress 
245 0 |c Edited by Mathias Dewatripont, Lars Peter Hansen, Stephen J. Turnovsky 
260 |a Cambridge, U.K. 
260 |b Cambridge University Press 
260 |c 2003 
520 |a These three volumes contain edited versions of papers and commentaries presented in invited symposium sessions of the Eighth World Congress of the Econometric Society. The papers summarize and interpret recent key developments and future directions in a wide range of topics in economics and econometrics. They cover theory and applications and provide a unique survey of progress in the discipline. 
650 |a Econometrics,Economics 
650 |y Tóan kinh tế,Kinh tế học 
904 |i Trọng Hiếu 
980 |a Trung tâm Học liệu Trường Đại học Cần Thơ